000 00588nam a22002177a 4500
003 UA-OsUOA
001 97586
007 ta
008 20130403b un ||||| |||| 00| 0 ukr d
090 _a821.161.1
_bН30
942 _cBK
040 _aUA-OsUOA
_brus
_cUA-OsUOA
_dUA-OsUOA
245 _aНародный театр
_cНекрыловой А.
300 _a544 с.
955 _a3
041 _arus
080 _a821.161.1
260 _aМ.
_bСоветская Россия
_c1991
650 7 _a82 Література. Літературознавство
_2UDC
999 _c383835
_d383835